Vybrané termíny a přehledy z epidemiologie. /

Uložené v:
Podrobná bibliografia
Hlavní autori: Šejda, Jan (Author), Göpfertová, Dana (Author)
Médium: Kniha
Jazyk:Czech
Vydané: Jinočany : H + H Jinočany, nakladatelství a vydavatelství, 1993
Vydanie:1. vyd.
Témy:
ISBN: 8085467364 (brož.)
Fyzický popis: 38 s.
Tagy: Pridať tag
Žiadne tagy, Buďte prvý kto otaguje tento záznam!

MARC

LEADER 00000nam a2200000 a 4500
001 000049430
003 SVKK
005 19950608000000.0
008 950403s1993 cs e czeo
020 |a 8085467364 (brož.) 
040 |a SVKKK  |b slo  |c SVKKK  |e AACR2 
041 0 |a cze 
044 |a cs  |c CS 
080 |a 616-036.22(03)  |2 1997 
080 |a 03:616-036.22  |2 1997 
080 |a 801.316.4:616-036.22  |2 1997 
100 1 |a Šejda, Jan  |4 aut 
245 1 0 |a Vybrané termíny a přehledy z epidemiologie. /  |c Jan Šejda, Dana Göpfertová 
250 |a 1. vyd. 
260 |a Jinočany :  |b H + H Jinočany, nakladatelství a vydavatelství,  |c 1993 
300 |a 38 s. 
653 0 |a epidemiológia  |2 SVKKKPH 
653 0 |a slovníky terminologické  |2 SVKKKPH 
655 7 |a slovníky  |2 SVKKKPH 
700 1 |a Göpfertová, Dana  |4 aut 
910 |a svkkk 
919 |a 80-85467-36-4 
974 |a MI  |d 19950510 
974 |a KL  |d 19950503 
974 |a PA  |d 19950608 
998 |a BK 
090 |g SCKHL  |k Sklad Pribinova 2. posch.  |a III.166757  |j 881406  |i 2720235352  |s Absenčne 
090 |g SCKHL  |k Sklad Pribinova 2. posch.  |a III.166758  |j 881407  |i 2720044429  |s Absenčne